000 00492cam a2200145 4500500
005 20260111102010.0
041 _afre
042 _adc
100 1 0 _aAmiel, Paule
_eauthor
245 0 0 _aLe dormeur éveillé. Traits et portraits, Pontalis, J.-B., Mercure de France, septembre 2004.
260 _c2005.
500 _a76
786 0 _nEmpan | 57 | 1 | 2005-03-01 | p. 153c-156c | 1152-3336
856 4 1 _uhttps://shs.cairn.info/revue-empan-2005-1-page-153c?lang=fr&redirect-ssocas=7080
999 _c1629764
_d1629764